National Assembly Library of Thailand

ประมวลพระราชดำรัสดับวิกฤติชาติ / (ระเบียนเลขที่ 56358)

รายละเอียดในรูปแบบ MARC
000 -LEADER
fixed length control field 00908nam a22002057a 4500
005 - DATE AND TIME OF LATEST TRANSACTION
control field 20210512093533.0
008 - FIXED-LENGTH DATA ELEMENTS--GENERAL INFORMATION
fixed length control field s2550 th tha d
020 ## - INTERNATIONAL STANDARD BOOK NUMBER
International Standard Book Number 9789747489590
040 ## - CATALOGING SOURCE
Original cataloging agency NALT
041 ## - LANGUAGE CODE
Language code of text/sound track or separate title tha
050 ## - LIBRARY OF CONGRESS CALL NUMBER
Classification number PN 4193.K5
Item number ภ671ป 2550
110 2# - MAIN ENTRY--CORPORATE NAME
9 (RLIN) 40396
Corporate name or jurisdiction name as entry element กองบรรรณาธิการ GPP
245 10 - TITLE STATEMENT
Title ประมวลพระราชดำรัสดับวิกฤติชาติ /
Statement of responsibility, etc. กองบรรรณาธิการ GPP.
260 ## - PUBLICATION, DISTRIBUTION, ETC.
Place of publication, distribution, etc. กรุงเทพฯ :
Name of publisher, distributor, etc. กรีน-ปัญญาญาณ,
Date of publication, distribution, etc. 2550.
300 ## - PHYSICAL DESCRIPTION
Extent 134 หน้า ;
Other physical details
Dimensions 21 ซม.
600 00 - SUBJECT ADDED ENTRY--PERSONAL NAME
Personal name ภูมิพลอดุลยเดช,
Titles and other words associated with a name พระบาทสมเด็จพระเจ้าอยู่หัว
General subdivision พระราชดำรัส
9 (RLIN) 6644
850 ## - HOLDING INSTITUTION
Holding institution NALT
942 ## - ADDED ENTRY ELEMENTS (KOHA)
Koha item type General Book
Source of classification or shelving scheme Library of Congress Classification
998 ## - LOCAL CONTROL INFORMATION (RLIN)
-- 104
-- สายฝน ดีงาม
รายการที่มีในห้องสมุด
Withdrawn status Lost status Source of classification or shelving scheme Damaged status Not for loan Collection code Home library Current library Source of acquisition Cost, normal purchase price Total Checkouts Full call number Barcode Date last seen Copy number Cost, replacement price Price effective from Koha item type
    Library of Congress Classification     General Book collection National Assembly Library of Thailand National Assembly Library of Thailand จัดซื้อทรัพยากร 100.00   PN 4193.K5 ภ671ป 2550 3961175055 09/06/2017 ฉ. 1 150.00 09/06/2017 General Book
    Library of Congress Classification     General Book collection National Assembly Library of Thailand National Assembly Library of Thailand จัดซื้อทรัพยากร 100.00   PN 4193.K5 ภ671ป 2550 3961175056 09/06/2017 ฉ. 2 150.00 09/06/2017 General Book
หอสมุดรัฐสภา
สำนักงานเลขาธิการสภาผู้แทนราษฎร เลขที่ 1111 ถนนสามเสน แขวงถนนนครไชยศรี เขตดุสิต กรุงเทพฯ 10300
The Secretariat of the House of Representatives 1111 Samsen Road, Thanon Nakhon Chai Si, Dusit, Bangkok 10300, THAILAND
โทรศัพท์: +66(0) 2242 5900 ต่อ 5714-5 โทรสาร: +66(0) 2242 5990 อีเมล: [email protected]